Archiving 06, 07, 08 Arcgutectural Thesis (Record no. 3417)

000 -LEADER
fixed length control field 00316nam a2200109Ia 4500
008 - FIXED-LENGTH DATA ELEMENTS--GENERAL INFORMATION
fixed length control field 200302s9999 xx 000 0 und d
100 ## - MAIN ENTRY--PERSONAL NAME
Personal name Council of Architecture
245 ## - TITLE STATEMENT
Title Archiving 06, 07, 08 Arcgutectural Thesis
260 ## - PUBLICATION, DISTRIBUTION, ETC.
Name of publisher, distributor, etc. National Instiute for Advanced studies in Architecture
260 ## - PUBLICATION, DISTRIBUTION, ETC.
Date of publication, distribution, etc. 2011
300 ## - PHYSICAL DESCRIPTION
Extent 158
Holdings
Withdrawn status Lost status Damaged status Not for loan Permanent Location Current Location Date acquired Cost, normal purchase price Barcode Date last seen Price effective from Koha item type
        BMS College of Architecture, Design and Planning BMS College of Architecture, Design and Planning 2020-03-03 2600.00 CL-UG65490 2020-03-03 2020-03-03 UG Books from CL
Copyright © 2025, The Librarian, Library and Information Centre, BMSCA D&P, Bengaluru. All Rights Reserved
web counter

Powered by Koha